00674nam a2200241 a 4500001001300000003000900013005001700022008004100039020001000080082001600090100001800106245002700124260003300151300000900184500003500193505001700228650002200245700001800267902000800285942000700293952011700300999001500417nice12345678IN_TiNIC20260116012509.0050524s0000 ausa grp 000 0 eng  ac10000a269.2bABD1 aAbd Al, Masih aWho Is Allah in Islam? aAustriabLight of Lifec0000 a108p aincludes index and biblioraphy2 aPart 1 and 2 aEvangelistic Work1 aAbd Al, Masih bSRS cBK 001040708StackRoom-aHMIbHMId2009-12-11g100.00l0o269.2 ABD1p011903r2009-12-11v100.00w2005-05-24yBK c7234d7234